Top Ten Anti-Trump States - Statistics

General Stats
  • This quiz has been taken 74 times
  • The average score is 9 of 10
Answer Stats
Approval State % Correct
-42 California
98%
-32 New York
98%
-36 Oregon
98%
-39 Washington
95%
-39 Rhode Island
90%
-31 Connecticut
89%
-53 Vermont
89%
-56 Hawaii
87%
-40 Massachusetts
87%
-45 Maryland
84%
No matching quizzes found
Score Distribution
Percent of People with Each Score
Percentile by Number Answered
Your Score History
You have not taken this quiz